Score 0/8 Timer 01:00
1 Play Today
Clue 6-Letter Word % Correct
Like the 5 rings in the '12 Days of Christmas'GOLDEN
93.2%
Main character in 'The Catcher in the Rye'HOLDEN
75.4%
A precious metalSILVER
68.8%
US Attorney General EricHOLDER
49.4%
Metal alloy used for joining metal piecesSOLDER
45.7%
You, while answering these cluesSOLVER
40.8%
Old Dutch coin or mustard makerGULDEN
24.7%
A flat serving tray often made out of the previous rungSALVER
11.7%

Today's Daily Dose

Quick Pick
Colorful Movies

Get the Picture
Dog Breeds II

Remove Ads.
Support Sporcle.
Get the best of Sporcle when you Go Orange. This ad-free experience offers more features, more stats, and more fun while also helping to support Sporcle. Thank you for becoming a member.

You're not logged in!

Compare scores with friends on all Sporcle quizzes.
OR
Log In

Show Comments

Extras

Top Quizzes Today


Score Distribution

Your Account Isn't Verified!

In order to create a playlist on Sporcle, you need to verify the email address you used during registration. Go to your Sporcle Settings to finish the process.

Report this User

Report this user for behavior that violates our Community Guidelines.

Details: